Recht als text: linguistische untersuchungen zur arbeit mit sprache in einer gesellschaftlichen Institution

Saved in:
Bibliografiske detaljer
Hovedforfatter: Busse, Dietrich (Author)
Format: Bog
Sprog:tysk
Udgivet: Tubinga Max Niemeyer Verlag 1992
Udgivelse:1a. ed
Serier:Reihe Germanistische Linguistik, 131
Fag:
Tags: Tilføj Tag
Ingen Tags, Vær først til at tagge denne postø!

MARC

LEADER 00000cam a2200000 a 4500
001 UCD0996
003 CL-VaPUC
008 151231e19920000gw |||||||||||||||||ger|d
020 |a 3484311312 
082 0 4 |a 340.1  |b BUS  |2 21 
100 0 |a Busse, Dietrich  |e author  |9 584072 
245 1 0 |a Recht als text: linguistische untersuchungen zur arbeit mit sprache in einer gesellschaftlichen Institution 
250 |a 1a. ed 
300 |a 359 p 
942 |c BK 
945 |d 20151231 00:35:00  |a arojas 
260 |a Tubinga  |b Max Niemeyer Verlag  |c 1992 
650 7 |a INTERPRETACION DEL DERECHO  |2 CL-VaPUC  |9 584073 
650 0 |a Teoría del derecho  |9 255982 
650 0 |a Filosofía del derecho   |9 255050 
650 7 |a TERMINOLOGIA JURIDICA  |2 CL-VaPUC  |9 405257 
583 |a last modification  |c 20151231 00:35:00  |k Rodrigo Vera 
490 0 |a Reihe Germanistische Linguistik, 131 
999 |c 362427  |d 362425 
952 |0 0  |1 0  |3 erd  |4 0  |6 340_100000000000000_BUS_1992  |7 0  |8 A  |9 473695  |a BIBDER  |b BIBDER  |i 5258669  |o 340.1 BUS 1992  |p 5258669  |r 2023-01-25  |w 2019-11-24  |y BK  |z Catalogado en:20151231  |k DER